000 01499nam0a22003491 4500
001 RU\NLR\INFOCOMM_190\5000078967
005 20250613100733.0
035 _a(NLR Aleph) 009357624
090 _a7841945
_c7841945
100 _a20101130d1992 |||y0rusy50 ca
101 0 _aeng
102 _aRU
105 _aa ||||000|y
200 1 _aGeneration and transport of 140 kJ ribbon electron beam
_fA. V. Arzhannikov, V. S. Nikolaev, S. L. Sinitsky et al.
210 _aNovosibirsk
_cBudker inst. of nuclear physics
_d1992
215 _a10 с.
_cил.
_d21 см
225 1 _aPreprint
_fBudker inst. of nuclear physics
_v92-3
300 _aВ вып. дан.: Генерация и транспортировка ленточного РЭП с энергозапасом около 140 кДж / А. В. Аржанников и др.
300 _aНа обл. надзаг. на рус. яз.
320 _aБиблиогр.: с. 10
606 _aЭлектронные пучки релятивистские
_xГенерация
_2nlr_sh1
606 _aЭлектронные пучки релятивистские
_xТранспортировка
_2nlr_sh1
686 _aВ338.41
_2rubbk
701 1 _9z01790
_aAržannikov
_bA. V.
_gAndrej Vasil'evič
_4070
701 1 _aNikolaev
_bV. S.
_4070
701 1 _aSinitsky
_bS. L.
_4070
790 1 _9z01701
_aArzhannikov
_bA. V.
_4070
801 1 _aRU
_bNLR
_c20101130
801 0 _aRU
_bNLR
_gPSBO
852 _aNLR
_jФз01 Д-4/6551
942 _cBOOK
980 _aNB